000 01027nam a2200253Ia 4500
003 OSt
005 20221005112449.0
006 a|||||r|||| 00| 0
007 ta
008 221004b |||||||| |||| 00| 0 pan d
020 _a9789350689462 (hbk)
_c200
024 _a23403
037 _b925, 21/03/2015, H.K. Prakashan
_cTextual
040 _aCRL
_cCRL
_bpan
041 _2pan
_apan
082 _aV2:1972,(Q8441).N14, 153Q4
100 _aਸਿੰਘ, ਗੁਰਦਿੱਤ
245 0 _aਕਾਮਾਗਾਟਾ -ਮਾਰੂ
_b ਸ੍ਰੀ ਗੁਰੂ ਨਾਨਕ ਜਹਾਗ਼ ਦੇ ਮੁਸਾਫਿਰਾਂ ਦੀ ਦਰਦ ਭਰੀ ਕਹਾਣੀ
260 _aਚੰਡੀਗੜ
_bਲੋਕਗੀਤ ਪ੍ਰਕਾFਨ ਭਾਰਤ
_c2014
300 _a198ਪ0
_ccm.
650 _aਭਾਰਤੀਯ ਇਤਿਹਾਸ
942 _hV2:1972,(Q8441).N14, 153Q4
_cTEXL
_2cc
999 _c1024972
_d1024972